[Event "FICGS rapid A 000115 email"]
[Site "FICGS email"]
[Date "2011.09.25"]
[Round "1"]
[White "Mueller Luedenscheid, Gerdiola"]
[Black "Riha, Josef"]
[Result "0-1"]
[WhiteElo "2000"]
[BlackElo "2032"]
[PlyCount "32"]
[EventDate "2011.??.??"]
[EventType "tourn (rapid)"]
[EventRounds "6"]
[SourceTitle "Corr 2013"]
[Source "ChessBase"]
[SourceDate "2012.11.12"]
[SourceVersion "1"]
[SourceVersionDate "2012.11.12"]
[SourceQuality "1"]

1. e4 c5 2. Nc3 e6 3. f4 Nc6 4. Nf3 d5 5. Bb5 Nge7 6. 0-0 a6 7. Bxc6+ Nxc6 8. d3 Be7 9. Qe1 0-0 10. Ne5 Nb4 11. Qf2 f6 12. Nf3 d4 13. Nd1 Bd7 14. a3 Nc6 15. Bd2 f5 16. Qg3 fxe4 0-1

[Event "FICGS class C 000157 email"]
[Site "FICGS email"]
[Date "2011.09.18"]
[Round "1"]
[White "Mueller Luedenscheid, Gerdiola"]
[Black "Domingo Gadea, Jordi"]
[Result "0-1"]
[WhiteElo "2000"]
[BlackElo "1961"]
[PlyCount "36"]
[EventDate "2011.??.??"]
[EventType "tourn (corr)"]
[SourceTitle "Corr 2013"]
[Source "ChessBase"]
[SourceDate "2012.11.12"]
[SourceVersion "1"]
[SourceVersionDate "2012.11.12"]
[SourceQuality "1"]

1. e4 h6 2. d4 c5 3. dxc5 e6 4. Be3 Nf6 5. e5 Nd5 6. Bd4 Nc6 7. c3 Nxd4 8. cxd4 b6 9. Bc4 Bb7 10. Nf3 bxc5 11. 0-0 cxd4 12. Qxd4 Nb4 13. Ne1 Qc7 14. a3 Nc6 15. Qe3 Nxe5 16. Ba2 Ng4 17. Qh3 h5 18. Nc3 Ba6 0-1